000 00652nam a22001817a 4500
005 20180628122906.0
010 _aENG-123225
020 _a9789382630913
_c995.00
035 _aEN-106757
037 _bDBAD/PUB
082 _a658.4092
100 _aRao, M.S.
245 _aSoft leadership:
_cby M.S. Rao
_bacquire leadership ideas and insights on visionary, inspirational and life leadership to stand out as a soft leader globally/
260 _aJaipur
_bAadi Publications
_c2017
270 _aF-11, S.S. Tower, Dhamani Street, Chaura Rasta,
_bJaipur
_e302003
300 _a182p.
_c21cm(Hb)
_bill.
942 _2ddc
_cEN
_mRAO
_h658.4092
999 _c152705
_d152705